Maailman valtiot aakkosjärjestyksessä - Statistics

Yleistilastot
  • Tätä visaa on pelattu 374 kertaa
  • Keskiarvotulos 36 / 196
Vastaustilastot
Maailman valtiot % Oikein
Afganistan
92%
Albania
74%
Alankomaat
72%
Algeria
69%
Andorra
68%
Angola
61%
Antigua ja Barbuda
60%
Armenia
49%
Australia
46%
Argentiina
43%
Bahama
43%
Bahrain
41%
Belgia
40%
Barbados
39%
Azerbaidzan
38%
Bhutan
38%
Bangladesh
37%
Belize
37%
Burundi
36%
Benin
35%
Eritrea
35%
Gabon
35%
Bolivia
34%
Brunei
34%
Chile
34%
Djibouti
33%
Ecuador
33%
Etelä-Afrikka
33%
Etelä-Korea
33%
Gambia
33%
Botswana
32%
Etelä-Sudan
32%
Brasilia
31%
Costa Rica
31%
Etiopia
31%
Fidzi
31%
Haiti
31%
Dominica
30%
Espanja
30%
Filippiinit
30%
Bosnia ja Herzegovina
29%
Bulgaria
29%
Burkina Faso
29%
Dominikaaninen tasavalta
29%
Ghana
29%
Guinea
29%
Guinea-Bissau
29%
Honduras
29%
Indonesia
28%
Intia
28%
Irak
28%
Iran
28%
Irlanti
28%
Egypti
27%
Guyana
26%
Islanti
26%
El Salvador
25%
Italia
25%
Itä-Timor
25%
Japani
25%
Jordania
25%
Israle
24%
Jamaika
24%
Guatemala
23%
Itävalta
23%
Jemen
23%
Zimbabwe
22%
Georgia
21%
Grenada
21%
Kamerun
21%
Kazakstan
21%
Kenia
20%
Laos
20%
Kambodza
19%
Kirgisia
19%
Latvia
19%
Liberia
19%
Arabiemiirikunnat
18%
Kiina
18%
Liettua
18%
Kuwait
17%
Kanada
16%
Mali
16%
Kongon demokraattinen tasavalta
15%
Kosovo
15%
Kypros
15%
Lesotho
15%
Libanon
15%
Libya
15%
Liechtenstein
15%
Madagaskar
15%
Malediivit
15%
Malesia
15%
Kap Verde
14%
Kongon tasavalta
14%
Yhdysvallat
14%
Keski-Afrikan tasavalta
13%
Kiribati
13%
Komorit
13%
Malawi
13%
Mauritania
13%
Mauritius
13%
Kuuba
12%
Malta
12%
Marokko
12%
Meksiko
12%
Kolumbia
11%
Kreikka
11%
Kroatia
11%
Luxemburg
11%
Monaco
11%
Namibia
11%
Marshallinsaaret
10%
Nauru
10%
Norja
10%
Oman
10%
Pakistan
10%
Palau
10%
Vatikaani
10%
Vietnam
10%
Venäjä
9%
Yhdistynyt Kuningaskunta
9%
Mikronesia
8%
Moldova
8%
Mongolia
8%
Montenegro
8%
Mosambik
8%
Niger
8%
Nigeria
8%
Puola
8%
Qatar
8%
Suomi
8%
Venezuela
8%
Viro
8%
Makedonia
7%
Myanmar
7%
Nepal
7%
Peru
7%
Portugali
7%
Sambia
7%
Sudan
7%
Vanuatu
7%
Nicaragua
6%
Norsunluurannikko
6%
Ranska
6%
Romania
6%
Ruanda
6%
Ruotsi
6%
Samoa
6%
San Marino
6%
Senegal
6%
Somalia
6%
Suriname
6%
Sveitsi
6%
Syyria
6%
Ukraina
6%
Valko-Venäjä
6%
Panama
5%
Saint Kitts ja Nevis
5%
Saint Lucia
5%
Saint Vincent ja Grenadiinit
5%
Salomonsaaret
5%
Serbia
5%
Tanska
5%
Turkki
5%
Turkmenistan
5%
Uruguay
5%
Päiväntasaajan Guinea
4%
Papua Uusi Guinea
4%
Paraguay
4%
Pohjois Korea
4%
Saksa
4%
Sao Tome ja Principe
4%
Seychellit
4%
Sierra Leone
4%
Swazimaa
4%
Taiwan
4%
Tansania
4%
Togo
4%
Tonga
4%
Tšad
4%
Tuvalu
4%
Uganda
4%
Uzbekistan
4%
Saudi Arabia
3%
Singapore
3%
Slovakia
3%
Slovenia
3%
Tadzikistan
3%
Thaimaa
3%
Trinidad ja Tobago
3%
Tšekki
3%
Tunisia
3%
Uusi Seelanti
3%
Sri Lanka
2%
Palestiina
1%
Ehtoja vastaavia visoja ei löytynyt
Tulosjakauma
Jokaisen tuloksen saaneiden osuus
Persentiili vastausten määrän mukaan
Tuloshistoriasi
Et ole pelannut tätä visaa